000 00464nam a2200157Ia 4500
005 20250616014202.0
008 240331s9999 xx 000 0 und d
020 _a955202580X
082 _bWIJ
_a305
100 _aWijayasriwardena,V
245 0 _aSinhala kala paththara
260 _aColombo
_bS. Godage & Brothers
_c1997
300 _a238 p .,
500 _aAn Experimental study on the anonymous defamatory publication genre of the jungle Newspaper
942 _cL
999 _c5237
_d5237